[Event "Szuperliga - GM Szabo Laszlo"]
[Site "Budapest"]
[Date "2024.05.11"]
[Round "8.8"]
[White "Polyik, Peter"]
[Black "Aczel, Gergely"]
[Result "0-1"]
[WhiteElo "2299"]
[BlackElo "2493"]
[PlyCount "52"]
[EventDate "2023.10.28"]
[EventType "team-tourn"]
[EventRounds "9"]
[EventCountry "HUN"]
[Source "chess.hu"]
[WhiteTeam "Aquarena Kobanya SC"]
[BlackTeam "Tuxera ANSK"]
[WhiteTeamCountry "HUN"]
[BlackTeamCountry "HUN"]

1. c4 e6 2. g3 d5 3. Bg2 d4 4. Nf3 Nc6 5. O-O Nh6 6. e3 Nf5 7. e4 Nfe7 8. e5 d3
9. b3 Qd7 10. Bb2 b6 11. Nc3 Bb7 12. a3 Nf5 13. Re1 a5 14. Nb5 Bc5 15. Ng5 Be7
16. Ne4 O-O 17. Qh5 Qd8 18. h4 h6 19. Qg4 Kh8 20. Qf4 Rb8 21. Nec3 Ncd4 22.
Bxb7 Rxb7 23. g4 Nxh4 24. Nxd4 Qxd4 25. Re4 Qd8 26. Rd4 Qxd4 0-1

[Event "Szuperliga - GM Szabo Laszlo"]
[Site "Budapest"]
[Date "2024.05.11"]
[Round "8.9"]
[White "Palczert, Matyas"]
[Black "Havanecz, Bianka"]
[Result "1-0"]
[WhiteElo "2333"]
[BlackElo "2207"]
[PlyCount "109"]
[EventDate "2023.10.28"]
[EventType "team-tourn"]
[EventRounds "9"]
[EventCountry "HUN"]
[Source "chess.hu"]
[WhiteTeam "Tuxera ANSK"]
[BlackTeam "Aquarena Kobanya SC"]
[WhiteTeamCountry "HUN"]
[BlackTeamCountry "HUN"]

1. e4 c6 2. d4 d5 3. e5 Bf5 4. g4 Bd7 5. Nc3 e6 6. Be3 Bb4 7. Nf3 Ne7 8. Bd3 c5
9. dxc5 Qa5 10. Bd2 Qxc5 11. a3 Bxc3 12. Bxc3 Nbc6 13. Qe2 Ng6 14. Bd2 Nd4 15.
Nxd4 Qxd4 16. Bc3 Qf4 17. Bxg6 hxg6 18. Bd2 Qa4 19. b3 Qc6 20. O-O-O Rh3 21.
Kb1 O-O-O 22. Be3 Kb8 23. Qd3 Ka8 24. Rc1 Rc8 25. Kb2 Rhh8 26. h4 b6 27. a4 Qc7
28. Bd4 Bc6 29. f4 Qe7 30. h5 gxh5 31. gxh5 Rh6 32. Rcg1 Rg8 33. Rg5 g6 34.
Rhg1 Rf8 35. a5 Kb7 36. axb6 a5 37. Ra1 a4 38. Qc3 Ra8 39. Bc5 Qe8 40. hxg6
Rxg6 41. Rxg6 fxg6 42. b4 Bb5 43. Ka3 Qf7 44. Rh1 Rg8 45. Qh3 g5 46. Qh5 Qxh5
47. Rxh5 Rg7 48. fxg5 Be8 49. Rh8 Bg6 50. c3 Rh7 51. Rxh7+ Bxh7 52. Kxa4 Bd3
53. b5 Bg6 54. Bd4 Kc8 55. Kb4 1-0

[Event "Szuperliga - GM Szabo Laszlo"]
[Site "Budapest"]
[Date "2024.05.11"]
[Round "8.10"]
[White "Csernyik, Mark"]
[Black "Gara, Anita"]
[Result "1/2-1/2"]
[WhiteElo "2198"]
[BlackElo "2340"]
[PlyCount "94"]
[EventDate "2023.10.28"]
[EventType "team-tourn"]
[EventRounds "9"]
[EventCountry "HUN"]
[Source "chess.hu"]
[WhiteTeam "Aquarena Kobanya SC"]
[BlackTeam "Tuxera ANSK"]
[WhiteTeamCountry "HUN"]
[BlackTeamCountry "HUN"]

1. e4 c5 2. Nf3 g6 3. d4 cxd4 4. Nxd4 Nc6 5. Nc3 Bg7 6. Be3 Nf6 7. Bc4 O-O 8.
Bb3 Re8 9. O-O d6 10. f3 Bd7 11. Qd2 Na5 12. Kh1 Rc8 13. Rad1 Nc4 14. Bxc4 Rxc4
15. b3 Rc8 16. Nd5 b5 17. Bh6 Bh8 18. Nxf6+ Bxf6 19. f4 Qc7 20. Qf2 Qc5 21. f5
Bc6 22. fxg6 hxg6 23. b4 Qh5 24. Nxc6 Rxc6 25. Bf4 Rec8 26. Rd2 Qh8 27. Bg5 a6
28. h3 Qg7 29. Bxf6 Qxf6 30. Qxf6 exf6 31. Rxf6 Rxc2 32. Rdxd6 Rxa2 33. Rd7 Rf8
34. e5 Kg7 35. Ra7 Re2 36. Rfxa6 Rxe5 37. Rb6 Rd8 38. Rbb7 Rf5 39. g4 Rf3 40.
Kg2 Rdd3 41. h4 Rg3+ 42. Kf2 Rdf3+ 43. Ke2 Rf4 44. g5 Rgg4 45. Rb8 Re4+ 46. Kd3
Rd4+ 47. Ke2 Rde4+ 1/2-1/2

[Event "Szuperliga - GM Szabo Laszlo"]
[Site "Gyongyossolymos"]
[Date "2024.05.11"]
[Round "8.1"]
[White "Papp, Gabor"]
[Black "Horvath, Jozsef"]
[Result "1-0"]
[WhiteElo "2553"]
[BlackElo "2410"]
[PlyCount "89"]
[EventDate "2023.10.28"]
[EventType "team-tourn"]
[EventRounds "9"]
[EventCountry "HUN"]
[Source "chess.hu"]
[WhiteTeam "ASE Paks"]
[BlackTeam "Kekesi SE"]
[WhiteTeamCountry "HUN"]
[BlackTeamCountry "HUN"]

1. e4 d5 2. exd5 Qxd5 3. Nc3 Qd6 4. d4 Nf6 5. Nf3 c6 6. g3 Bg4 7. Bg2 e6 8. O-O
Nbd7 9. h3 Bxf3 10. Bxf3 Qc7 11. Ne2 Bd6 12. c4 O-O 13. c5 Be7 14. Bf4 e5 15.
dxe5 Nxe5 16. Bg2 Bxc5 17. Rc1 Rad8 18. Qc2 Bb6 19. Nc3 Nh5 20. Nd5 Rxd5 21.
Bxd5 Nxf4 22. gxf4 Ng6 23. Bg2 Qxf4 24. Qe4 Qf6 25. b4 Nf4 26. Rc4 Nd5 27. Qh4
Qxh4 28. Rxh4 Nc3 29. Rc4 Ne2+ 30. Kh1 g6 31. a4 a6 32. Rd1 Re8 33. Bf3 g5 34.
a5 Ba7 35. Bxe2 Rxe2 36. Rd7 Bxf2 37. Rxb7 h5 38. Rxc6 g4 39. hxg4 hxg4 40.
Rc8+ Kg7 41. Rcc7 Kg6 42. Rxf7 Bh4 43. Rg7+ Kf5 44. Rbf7+ Bf6 45. Rg8 1-0

[Event "Szuperliga - GM Szabo Laszlo"]
[Site "Gyongyossolymos"]
[Date "2024.05.11"]
[Round "8.2"]
[White "Haring, Filip"]
[Black "Berkes, Ferenc"]
[Result "1/2-1/2"]
[WhiteElo "2484"]
[BlackElo "2618"]
[PlyCount "172"]
[EventDate "2023.10.28"]
[EventType "team-tourn"]
[EventRounds "9"]
[EventCountry "HUN"]
[Source "chess.hu"]
[WhiteTeam "Kekesi SE"]
[BlackTeam "ASE Paks"]
[WhiteTeamCountry "HUN"]
[BlackTeamCountry "HUN"]

1. e4 e5 2. Nf3 Nc6 3. Bc4 Nf6 4. d3 Bc5 5. c3 a5 6. O-O d6 7. Nbd2 O-O 8. h3
h6 9. Re1 a4 10. Bb5 Bd7 11. Nf1 Ne7 12. Bxd7 Qxd7 13. Qe2 Ng6 14. Ng3 Rfe8 15.
d4 Ba7 16. Be3 exd4 17. Bxd4 Bxd4 18. cxd4 Nf4 19. Qc2 N4h5 20. e5 Nxg3 21.
exf6 Nh5 22. fxg7 Nxg7 23. d5 Rxe1+ 24. Rxe1 Re8 25. Rc1 Re7 26. Qd2 h5 27. Rc4
a3 28. bxa3 c5 29. a4 b5 30. axb5 Qxb5 31. Rc3 Qe2 32. Qg5 Re8 33. Ra3 c4 34.
Qd2 Qe4 35. Rc3 Rc8 36. Ng5 Qe5 37. Nf3 Qe4 38. Re3 Qf5 39. Ra3 Rc5 40. Ra8+
Kh7 41. Qb4 c3 42. Qb8 c2 43. Qh8+ Kg6 44. Nh4+ Kf6 45. Nxf5 c1=Q+ 46. Kh2 Qf4+
47. Ng3 h4 48. Ra3 Rc2 49. Rf3 hxg3+ 50. Rxg3 Rxf2 51. Qxg7+ Ke7 52. a3 Ra2 53.
Qc3 Rd2 54. a4 Rxd5 55. Qe3+ Qe5 56. Qxe5+ dxe5 57. Ra3 Ra5 58. Kg3 f5 59. Kf3
Kd6 60. g4 fxg4+ 61. hxg4 Ke6 62. Kg3 Kf6 63. Kh4 Kg6 64. Ra1 e4 65. Ra2 Kf6
66. Kg3 Kg5 67. Ra1 e3 68. Kf3 e2 69. Kxe2 Kxg4 70. Kd3 Kf5 71. Kc4 Ke6 72. Kb4
Ra8 73. Kc5 Kd7 74. Kb6 Rb8+ 75. Ka7 Rb2 76. a5 Rc2 77. Rb1 Kc7 78. Rb7+ Kc8
79. a6 Rc1 80. Rb8+ Kc7 81. Rh8 Rb1 82. Rh2 Rc1 83. Ka8 Kc8 84. a7 Kc7 85. Rh7+
Kc8 86. Rc7+ Kxc7 1/2-1/2

[Event "Szuperliga - GM Szabo Laszlo"]
[Site "Gyongyossolymos"]
[Date "2024.05.11"]
[Round "8.3"]
[White "Acs, Peter"]
[Black "Turcan, Richard"]
[Result "1-0"]
[WhiteElo "2579"]
[BlackElo "2378"]
[PlyCount "67"]
[EventDate "2023.10.28"]
[EventType "team-tourn"]
[EventRounds "9"]
[EventCountry "HUN"]
[Source "chess.hu"]
[WhiteTeam "ASE Paks"]
[BlackTeam "Kekesi SE"]
[WhiteTeamCountry "HUN"]
[BlackTeamCountry "HUN"]

1. e4 c5 2. Nf3 d6 3. Bb5+ Bd7 4. a4 Nf6 5. d3 Nc6 6. O-O e6 7. Nbd2 a6 8. Bxc6
Bxc6 9. Re1 Qc7 10. a5 d5 11. exd5 Bxd5 12. b3 Bd6 13. Bb2 O-O 14. Bxf6 gxf6
15. Ra4 Kh8 16. Qa1 e5 17. Ne4 Be7 18. Nh4 Bc6 19. Ra2 Qd7 20. Ng3 Rg8 21. Nhf5
Bf8 22. Ne3 Bh6 23. Nc4 Rae8 24. Qd1 Qd5 25. Re4 Bf4 26. Qe2 Qe6 27. Nh5 Bxe4
28. dxe4 Rd8 29. Ra1 f5 30. Re1 fxe4 31. Qxe4 Qg6 32. Qf3 Qxc2 33. g3 Rd3 34.
Qe4 1-0

[Event "Szuperliga - GM Szabo Laszlo"]
[Site "Gyongyossolymos"]
[Date "2024.05.11"]
[Round "8.4"]
[White "To, Nhat Minh"]
[Black "Fodor, Tamas Jr"]
[Result "1/2-1/2"]
[WhiteElo "2308"]
[BlackElo "2486"]
[PlyCount "118"]
[EventDate "2023.10.28"]
[EventType "team-tourn"]
[EventRounds "9"]
[EventCountry "HUN"]
[Source "chess.hu"]
[WhiteTeam "Kekesi SE"]
[BlackTeam "ASE Paks"]
[WhiteTeamCountry "HUN"]
[BlackTeamCountry "HUN"]

1. e4 e5 2. Nf3 Nc6 3. Bc4 Bc5 4. O-O Nf6 5. d3 d6 6. c3 a5 7. Re1 O-O 8. Nbd2
Be6 9. h3 h6 10. b3 d5 11. exd5 Nxd5 12. Qc2 Re8 13. a4 Bb6 14. Ne4 f5 15. Ng3
Qf6 16. Bd2 Rad8 17. Re2 Qg6 18. Kh2 f4 19. Ne4 Qh5 20. Rg1 Kh8 21. Bc1 Bg4 22.
Ree1 Rf8 23. Qe2 Rf5 24. Bb2 Nce7 25. d4 exd4 26. cxd4 c6 27. Nc5 Ng6 28. Qd3
Ne3 29. fxe3 fxe3 30. Ne6 Rxf3 31. Rxe3 Bxh3 32. Rxf3 Bxe6+ 33. Rh3 Bxh3 34.
Qxh3 Qg5 35. Bc1 Nf4 36. Bxf4 Qxf4+ 37. g3 Qxd4 38. Rg2 Bc7 39. Re2 Rf8 40. Qh5
Qd1 41. Qg6 Qd6 42. Re6 Qd2+ 43. Re2 Qd6 44. Re6 Qd2+ 45. Re2 Qg5 46. Qxg5 hxg5
47. Re7 Bd6 48. Rd7 Rf6 49. Kg2 Bc5 50. Kh3 Bd6 51. Kg4 b6 52. Rb7 Bc5 53. Kxg5
Be3+ 54. Kg4 Kh7 55. Re7 Bf2 56. Re6 Kg6 57. Rxf6+ Kxf6 58. Kf3 Be1 59. g4 Ke5
1/2-1/2

[Event "Szuperliga - GM Szabo Laszlo"]
[Site "Gyongyossolymos"]
[Date "2024.05.11"]
[Round "8.5"]
[White "Kaczur, Florian"]
[Black "Bakos, Balazs"]
[Result "0-1"]
[WhiteElo "2534"]
[BlackElo "2367"]
[PlyCount "106"]
[EventDate "2023.10.28"]
[EventType "team-tourn"]
[EventRounds "9"]
[EventCountry "HUN"]
[Source "chess.hu"]
[WhiteTeam "ASE Paks"]
[BlackTeam "Kekesi SE"]
[WhiteTeamCountry "HUN"]
[BlackTeamCountry "HUN"]

1. b3 d6 2. d4 e5 3. Bb2 exd4 4. Qxd4 Nc6 5. Qd2 Nf6 6. Nc3 d5 7. e3 Bb4 8. Bd3
Ne4 9. Bxe4 dxe4 10. Qxd8+ Nxd8 11. Nge2 O-O 12. a3 Bxc3+ 13. Nxc3 Re8 14.
O-O-O f5 15. Nd5 Ne6 16. h4 c6 17. Nc3 Nc7 18. Rd6 Be6 19. Rhd1 Kf7 20. Ne2 a5
21. a4 Nd5 22. Ba3 Rac8 23. c4 Nf6 24. Nf4 b5 25. Bb2 bxc4 26. Nxe6 Rxe6 27.
bxc4 Ng4 28. R6d2 Rb8 29. Kc2 Ne5 30. Bxe5 Rxe5 31. Rd6 Rb4 32. Rxc6 Rxa4 33.
Kb3 Rb4+ 34. Kc3 Rb7 35. Kd4 Ree7 36. Ra1 Rb2 37. f4 exf3 38. gxf3 Rd2+ 39. Kc3
Re2 40. Rxa5 R2xe3+ 41. Kb4 Rxf3 42. Rd5 Rf1 43. Kc5 g6 44. Rd4 Rfe1 45. Rcd6
R1e4 46. h5 Rxd4 47. Kxd4 g5 48. Kc3 g4 49. Kd2 g3 50. Rd3 f4 51. Rd4 g2 52.
Rxf4+ Kg8 53. h6 g1=Q 0-1

[Event "Szuperliga - GM Szabo Laszlo"]
[Site "Gyongyossolymos"]
[Date "2024.05.11"]
[Round "8.6"]
[White "Istvanovszki, Martin"]
[Black "Krstulovic, Alex"]
[Result "1/2-1/2"]
[WhiteElo "2311"]
[BlackElo "2445"]
[PlyCount "84"]
[EventDate "2023.10.28"]
[EventType "team-tourn"]
[EventRounds "9"]
[EventCountry "HUN"]
[Source "chess.hu"]
[WhiteTeam "Kekesi SE"]
[BlackTeam "ASE Paks"]
[WhiteTeamCountry "HUN"]
[BlackTeamCountry "HUN"]

1. d4 Nf6 2. Nc3 e6 3. Bf4 Bb4 4. Qd3 O-O 5. a3 Bxc3+ 6. Qxc3 Nd5 7. Qg3 Nc6 8.
Nf3 Nxf4 9. Qxf4 d6 10. e3 Qe7 11. O-O-O e5 12. Qg3 Qf6 13. Bc4 exd4 14. exd4
Bd7 15. Rhe1 Rae8 16. Rxe8 Rxe8 17. Qg5 Qxg5+ 18. Nxg5 Re7 19. Bd5 Nd8 20. h3
Bf5 21. g4 Bg6 22. h4 h6 23. Nh3 c6 24. Bf3 d5 25. Nf4 Ne6 26. Nxe6 Rxe6 27. g5
hxg5 28. hxg5 Bf5 29. Rg1 Kh7 30. Bh5 Re4 31. c3 Kg8 32. Kd2 Rh4 33. Bf3 Rh3
34. Rg3 Rh2 35. Ke3 Kh7 36. Rg1 Kg6 37. Rg3 Rh4 38. Bg2 Rh8 39. Kf4 Rh4+ 40.
Ke3 Rh5 41. Kf4 Rh8 42. Bf3 Rh2 1/2-1/2

[Event "Szuperliga - GM Szabo Laszlo"]
[Site "Gyongyossolymos"]
[Date "2024.05.11"]
[Round "8.7"]
[White "Lizak, Peter"]
[Black "Bohati, Tamas"]
[Result "1/2-1/2"]
[WhiteElo "2399"]
[BlackElo "2260"]
[PlyCount "51"]
[EventDate "2023.10.28"]
[EventType "team-tourn"]
[EventRounds "9"]
[EventCountry "HUN"]
[Source "chess.hu"]
[WhiteTeam "ASE Paks"]
[BlackTeam "Kekesi SE"]
[WhiteTeamCountry "HUN"]
[BlackTeamCountry "HUN"]

1. c4 e5 2. g3 Nf6 3. Bg2 d5 4. cxd5 Nxd5 5. Nf3 Nc6 6. O-O Be7 7. Nc3 Nb6 8.
d3 O-O 9. a3 a5 10. Be3 Be6 11. Bxb6 cxb6 12. Rc1 f5 13. Qa4 Kh8 14. Rfd1 Bf6
15. e3 Bf7 16. d4 e4 17. d5 Ne5 18. Nxe5 Bxe5 19. d6 Rc8 20. d7 Rc4 21. Qb5 Rc5
22. Qa4 Rc4 23. Qb5 Rc5 24. Qa4 Rc4 25. Qb5 Rc5 26. Qa4 1/2-1/2

[Event "Szuperliga - GM Szabo Laszlo"]
[Site "Gyongyossolymos"]
[Date "2024.05.11"]
[Round "8.8"]
[White "Blasko, Istvan"]
[Black "Lazarne Vajda, Szidonia"]
[Result "1/2-1/2"]
[WhiteElo "2258"]
[BlackElo "2293"]
[PlyCount "61"]
[EventDate "2023.10.28"]
[EventType "team-tourn"]
[EventRounds "9"]
[EventCountry "HUN"]
[Source "chess.hu"]
[WhiteTeam "Kekesi SE"]
[BlackTeam "ASE Paks"]
[WhiteTeamCountry "HUN"]
[BlackTeamCountry "HUN"]

1. d4 d5 2. c4 c6 3. Nf3 Nf6 4. e3 g6 5. Nc3 Bg7 6. Be2 O-O 7. O-O Ne4 8. Qb3
b6 9. Rd1 Bf5 10. cxd5 cxd5 11. Bd2 Nc6 12. Nxe4 Bxe4 13. Rac1 Qd6 14. Qa4 Rac8
15. Ng5 Bf5 16. Bb5 Bd7 17. Bxc6 Rxc6 18. Rxc6 Qxc6 19. Qxc6 Bxc6 20. Rc1 Rc8
21. Bb4 Bf6 22. Nf3 Bb7 23. Rxc8+ Bxc8 24. Ne5 Bxe5 25. dxe5 Kf8 26. Bc3 Bf5
27. Bd4 Ke8 28. a3 Kd7 29. f4 h5 30. Kf2 Kc6 31. h4 1/2-1/2

[Event "Szuperliga - GM Szabo Laszlo"]
[Site "Gyongyossolymos"]
[Date "2024.05.11"]
[Round "8.9"]
[White "Tancsa, Tamas"]
[Black "Onodi, Tamas"]
[Result "1-0"]
[WhiteElo "2176"]
[BlackElo "2015"]
[PlyCount "37"]
[EventDate "2023.10.28"]
[EventType "team-tourn"]
[EventRounds "9"]
[EventCountry "HUN"]
[Source "chess.hu"]
[WhiteTeam "ASE Paks"]
[BlackTeam "Kekesi SE"]
[WhiteTeamCountry "HUN"]
[BlackTeamCountry "HUN"]

1. e4 c5 2. Nf3 Nf6 3. e5 Nd5 4. Nc3 e6 5. Ne4 d6 6. exd6 Bxd6 7. Bb5+ Nc6 8.
Bxc6+ bxc6 9. O-O Ba6 10. d3 c4 11. dxc4 Bxc4 12. Re1 Bc7 13. Qd4 Nb6 14. Qxg7
Kd7 15. b3 Bd5 16. c4 Bxe4 17. Qxf7+ Qe7 18. Qxe7+ Kxe7 19. Rxe4 1-0

[Event "Szuperliga - GM Szabo Laszlo"]
[Site "Gyongyossolymos"]
[Date "2024.05.11"]
[Round "8.10"]
[White "Kovacs, Veronika"]
[Black "Szegedy, Matyas"]
[Result "0-1"]
[WhiteElo "1751"]
[BlackElo "2198"]
[PlyCount "52"]
[EventDate "2023.10.28"]
[EventType "team-tourn"]
[EventRounds "9"]
[EventCountry "HUN"]
[Source "chess.hu"]
[WhiteTeam "Kekesi SE"]
[BlackTeam "ASE Paks"]
[WhiteTeamCountry "HUN"]
[BlackTeamCountry "HUN"]

1. d4 Nf6 2. c4 c5 3. d5 g6 4. Nc3 d6 5. e4 Bg7 6. h3 O-O 7. Nf3 e6 8. Be2 Na6
9. O-O Nc7 10. Be3 exd5 11. cxd5 Re8 12. Nd2 b5 13. Qc2 b4 14. Nd1 Bd7 15. f3
Nb5 16. Nc4 Nh5 17. Bd3 Qe7 18. Qd2 Nd4 19. Bf2 Bxh3 20. e5 Bxe5 21. Re1 Qf6
22. Nxe5 Rxe5 23. Bxd4 Rxe1+ 24. Qxe1 Qxd4+ 25. Nf2 Bxg2 26. Rd1 Bxf3 0-1

[Event "Szuperliga - GM Szabo Laszlo"]
[Site "Paks"]
[Date "2024.05.12"]
[Round "9.1"]
[White "Stevic, Hrvoje"]
[Black "Papp, Gabor"]
[Result "1/2-1/2"]
[WhiteElo "2531"]
[BlackElo "2553"]
[PlyCount "88"]
[EventDate "2023.10.28"]
[EventType "team-tourn"]
[EventRounds "9"]
[EventCountry "HUN"]
[Source "chess.hu"]
[WhiteTeam "Dunaharaszti MTK"]
[BlackTeam "ASE Paks"]
[WhiteTeamCountry "HUN"]
[BlackTeamCountry "HUN"]

1. e4 c5 2. c3 d5 3. exd5 Qxd5 4. d4 Nc6 5. Nf3 Bg4 6. Be2 cxd4 7. cxd4 e6 8.
O-O Nf6 9. h3 Bh5 10. Nc3 Qa5 11. a3 Bd6 12. Be3 O-O 13. b4 Qd8 14. Qb3 a5 15.
b5 Ne7 16. Bg5 Rc8 17. Rfd1 Bb8 18. Bxf6 gxf6 19. d5 a4 20. Qb2 Bxf3 21. Bxf3
Be5 22. Rac1 Qa5 23. d6 Nf5 24. d7 Rxc3 25. Rxc3 Bxc3 26. d8=Q Rxd8 27. Rxd8+
Qxd8 28. Qxc3 b6 29. Qc2 Qd4 30. Bd1 Qe5 31. Qxa4 Nd4 32. Qb4 Nxb5 33. Bf3 Nd4
34. Qxb6 Qe1+ 35. Kh2 Qxf2 36. Qb8+ Kg7 37. Bh5 Nf5 38. Qc7 Kh6 39. Bf3 Qd4 40.
Qxf7 Qe5+ 41. Kg1 Qe1+ 42. Kh2 Qe5+ 43. Kg1 Qe1+ 44. Kh2 Qe5+ 1/2-1/2

[Event "Szuperliga - GM Szabo Laszlo"]
[Site "Paks"]
[Date "2024.05.12"]
[Round "9.2"]
[White "Berkes, Ferenc"]
[Black "Grigoriants, Sergey"]
[Result "1/2-1/2"]
[WhiteElo "2618"]
[BlackElo "2535"]
[PlyCount "61"]
[EventDate "2023.10.28"]
[EventType "team-tourn"]
[EventRounds "9"]
[EventCountry "HUN"]
[Source "chess.hu"]
[WhiteTeam "ASE Paks"]
[BlackTeam "Dunaharaszti MTK"]
[WhiteTeamCountry "HUN"]
[BlackTeamCountry "HUN"]

1. d4 Nf6 2. c4 e6 3. g3 d5 4. Bg2 Be7 5. Nf3 O-O 6. O-O dxc4 7. Qc2 a6 8. Qxc4
b5 9. Qc2 Bb7 10. Bd2 Bd6 11. Bg5 Nbd7 12. Bxf6 Nxf6 13. Nbd2 Rc8 14. Nb3 c5
15. dxc5 Ne4 16. Rad1 Nxc5 17. Nxc5 Rxc5 18. Qxc5 Bxc5 19. Rxd8 Rxd8 20. Ne5
Bc8 21. Rc1 Bd6 22. Nc6 Rd7 23. Na7 Rxa7 24. Rxc8+ Bf8 25. Ra8 Rxa8 26. Bxa8
Bd6 27. e3 Kf8 28. Kf1 Ke7 29. Ke2 Be5 30. b3 Kd6 31. Kd3 1/2-1/2

[Event "Szuperliga - GM Szabo Laszlo"]
[Site "Paks"]
[Date "2024.05.12"]
[Round "9.3"]
[White "Gonda, Laszlo"]
[Black "Acs, Peter"]
[Result "0-1"]
[WhiteElo "2490"]
[BlackElo "2579"]
[PlyCount "78"]
[EventDate "2023.10.28"]
[EventType "team-tourn"]
[EventRounds "9"]
[EventCountry "HUN"]
[Source "chess.hu"]
[WhiteTeam "Dunaharaszti MTK"]
[BlackTeam "ASE Paks"]
[WhiteTeamCountry "HUN"]
[BlackTeamCountry "HUN"]

1. d4 Nf6 2. c4 g6 3. Nc3 Bg7 4. e4 d6 5. Be2 O-O 6. Nf3 e5 7. O-O Nc6 8. Be3
Ng4 9. Bg5 f6 10. Bh4 g5 11. Bg3 Nh6 12. dxe5 dxe5 13. Qe1 Qe7 14. Nd5 Qf7 15.
Rd1 Kh8 16. b4 Nd8 17. h4 g4 18. Nh2 c6 19. Ne3 Qg6 20. f4 gxf3 21. Rxf3 Qe8
22. Nf5 Nxf5 23. exf5 a5 24. b5 Nf7 25. Ng4 Qe7 26. Bf2 Rg8 27. Bd3 a4 28. Be4
Bd7 29. Rfd3 Be8 30. bxc6 bxc6 31. Be3 Bf8 32. Qe2 Nd8 33. Nh6 Bxh6 34. Bxh6
Nb7 35. Bc1 Nc5 36. Ba3 Qa7 37. Kh2 Nxd3 38. Rxd3 Qg7 39. Kh3 Rd8 0-1

[Event "Szuperliga - GM Szabo Laszlo"]
[Site "Paks"]
[Date "2024.05.12"]
[Round "9.4"]
[White "Fodor, Tamas Jr"]
[Black "Csiki, Endre"]
[Result "1/2-1/2"]
[WhiteElo "2486"]
[BlackElo "2281"]
[PlyCount "60"]
[EventDate "2023.10.28"]
[EventType "team-tourn"]
[EventRounds "9"]
[EventCountry "HUN"]
[Source "chess.hu"]
[WhiteTeam "ASE Paks"]
[BlackTeam "Dunaharaszti MTK"]
[WhiteTeamCountry "HUN"]
[BlackTeamCountry "HUN"]

1. d4 d5 2. c4 e6 3. Nf3 Nf6 4. Nc3 Bb4 5. cxd5 exd5 6. Bg5 h6 7. Bh4 O-O 8. e3
Bf5 9. Be2 Nbd7 10. Qb3 Bxc3+ 11. Qxc3 Ne4 12. Qb3 Ndf6 13. Rc1 c6 14. O-O Qb6
15. Qa3 a5 16. Ne5 Qb4 17. f3 Nd6 18. g4 Be6 19. Qd3 Nc4 20. b3 Nxe5 21. dxe5
Nd7 22. f4 f5 23. h3 Nc5 24. Qd4 Qxd4 25. exd4 Ne4 26. Kh2 fxg4 27. hxg4 g5 28.
f5 gxh4 29. fxe6 Rxf1 30. Rxf1 Re8 1/2-1/2

[Event "Szuperliga - GM Szabo Laszlo"]
[Site "Paks"]
[Date "2024.05.12"]
[Round "9.5"]
[White "Hoang, Thanh Trang"]
[Black "Kaczur, Florian"]
[Result "1-0"]
[WhiteElo "2382"]
[BlackElo "2534"]
[PlyCount "105"]
[EventDate "2023.10.28"]
[EventType "team-tourn"]
[EventRounds "9"]
[EventCountry "HUN"]
[Source "chess.hu"]
[WhiteTeam "Dunaharaszti MTK"]
[BlackTeam "ASE Paks"]
[WhiteTeamCountry "HUN"]
[BlackTeamCountry "HUN"]

1. d4 d5 2. Nf3 Nf6 3. e3 c5 4. Nbd2 cxd4 5. exd4 Nc6 6. Bb5 Bd7 7. O-O g6 8.
Nb3 a6 9. Bxc6 Bxc6 10. Ne5 Bg7 11. Re1 O-O 12. Nc5 Re8 13. c3 Qc8 14. Qf3 b6
15. Ncd3 Bb7 16. Bg5 h6 17. Bh4 Rf8 18. Bxf6 exf6 19. Ng4 Qd8 20. h3 h5 21. Ne3
Re8 22. g4 hxg4 23. hxg4 Re4 24. Kg2 Qd7 25. Rh1 Rae8 26. Qg3 Bc8 27. Rad1 Qa4
28. a3 f5 29. gxf5 Rxe3 30. fxe3 Bxf5 31. Rhf1 Re4 32. Rxf5 gxf5 33. Nf2 Qc2
34. Qb8+ Bf8 35. Kf3 f4 36. Rg1+ Kh7 37. Qxf8 Rxe3+ 38. Kg4 Qg6+ 39. Kxf4 Re4+
40. Nxe4 Qxe4+ 41. Kg3 Qe3+ 42. Kh4 Qf2+ 43. Rg3 Qh2+ 44. Kg4 Qe2+ 45. Kg5 Qd2+
46. Kf6 Qf4+ 47. Ke7 Qc7+ 48. Ke8 Qb8+ 49. Kxf7 Qf4+ 50. Ke7 Qc7+ 51. Ke6 Qc6+
52. Ke5 Qe8+ 53. Qxe8 1-0

[Event "Szuperliga - GM Szabo Laszlo"]
[Site "Paks"]
[Date "2024.05.12"]
[Round "9.6"]
[White "Krstulovic, Alex"]
[Black "Popovics, Adam"]
[Result "1-0"]
[WhiteElo "2445"]
[BlackElo "2360"]
[PlyCount "53"]
[EventDate "2023.10.28"]
[EventType "team-tourn"]
[EventRounds "9"]
[EventCountry "HUN"]
[Source "chess.hu"]
[WhiteTeam "ASE Paks"]
[BlackTeam "Dunaharaszti MTK"]
[WhiteTeamCountry "HUN"]
[BlackTeamCountry "HUN"]

1. d4 Nf6 2. Nf3 c5 3. d5 b5 4. c3 Bb7 5. e4 Nxe4 6. Bxb5 Qb6 7. Na3 Nf6 8. c4
e6 9. O-O Be7 10. Re1 O-O 11. Bf4 Na6 12. Qd2 Rae8 13. d6 Bd8 14. Ne5 Nb8 15.
Rad1 Nc6 16. Qd3 Ba8 17. Qh3 a6 18. Ba4 Qxb2 19. Nxc6 Bxc6 20. Be5 Qb7 21. Rb1
Qa8 22. Bc2 Ne4 23. Qg4 Nf6 24. Qg3 g6 25. Re3 Nh5 26. Qg4 f5 27. Qxh5 1-0

[Event "Szuperliga - GM Szabo Laszlo"]
[Site "Paks"]
[Date "2024.05.12"]
[Round "9.7"]
[White "Nguyen, Huynh Minh Huy"]
[Black "Lizak, Peter"]
[Result "1/2-1/2"]
[WhiteElo "2432"]
[BlackElo "2399"]
[PlyCount "69"]
[EventDate "2023.10.28"]
[EventType "team-tourn"]
[EventRounds "9"]
[EventCountry "HUN"]
[Source "chess.hu"]
[WhiteTeam "Dunaharaszti MTK"]
[BlackTeam "ASE Paks"]
[WhiteTeamCountry "HUN"]
[BlackTeamCountry "HUN"]

1. d4 Nf6 2. c4 g6 3. Nc3 Bg7 4. e4 d6 5. Nf3 O-O 6. Be2 e5 7. Be3 c6 8. d5 c5
9. O-O Ng4 10. Bg5 f6 11. Bh4 h5 12. Ne1 a6 13. Nc2 Qe8 14. h3 Nh6 15. Ne3 Nd7
16. a3 Nf7 17. Bd3 Bh6 18. Rb1 Kg7 19. Bg3 Rh8 20. Ne2 h4 21. Bh2 Bxe3 22. fxe3
Ng5 23. Nc3 Qd8 24. Kh1 Qc7 25. Qe1 b5 26. cxb5 c4 27. Be2 axb5 28. Nxb5 Qb6
29. Bxc4 Nc5 30. Rc1 Ncxe4 31. Be2 Bd7 32. Rc7 Rad8 33. Qc1 Kg8 34. a4 Rh7 35.
Rc4 1/2-1/2

[Event "Szuperliga - GM Szabo Laszlo"]
[Site "Paks"]
[Date "2024.05.12"]
[Round "9.8"]
[White "Lazarne Vajda, Szidonia"]
[Black "Papp, Petra"]
[Result "1/2-1/2"]
[WhiteElo "2293"]
[BlackElo "2280"]
[PlyCount "30"]
[EventDate "2023.10.28"]
[EventType "team-tourn"]
[EventRounds "9"]
[EventCountry "HUN"]
[Source "chess.hu"]
[WhiteTeam "ASE Paks"]
[BlackTeam "Dunaharaszti MTK"]
[WhiteTeamCountry "HUN"]
[BlackTeamCountry "HUN"]

1. e4 e5 2. Nf3 Nc6 3. Bb5 a6 4. Ba4 Nf6 5. O-O Be7 6. Re1 b5 7. Bb3 d6 8. c3
O-O 9. h3 Bb7 10. d3 Re8 11. Ng5 Rf8 12. Nf3 Re8 13. Ng5 Rf8 14. Nf3 Re8 15.
Ng5 Rf8 1/2-1/2